Bigram Venn Diagram Quiz Stats

 Plays Quiz Updated Nov 28, 2019

Score 0/8 Timer 01:30
38 Plays Today
% Correct
HE
88.1%
YO
86.6%
IL
82%
OR
81.1%
RU
80.9%
GA
65.6%
LA
63.3%
OZ
55.8%

You're not logged in!

Compare scores with friends on all Sporcle quizzes.
OR
Log In

Sporcle TV

Today on Sporcle TV


Watch our educational content, quiz creation guides, and fun videos on Sporcle TV.

Show Comments

Extras

Top Quizzes Today


Score Distribution

Your Account Isn't Verified!

In order to create a playlist on Sporcle, you need to verify the email address you used during registration. Go to your Sporcle Settings to finish the process.

Report this User

Report this user for behavior that violates our Community Guidelines.

Details: